| 000 | 00553nam a2200181Ia 4500 | ||
|---|---|---|---|
| 003 | OSt | ||
| 005 | 20200512110942.0 | ||
| 008 | 190216s9999||||xx |||||||||||||| ||und|| | ||
| 020 | _a9781851681525 | ||
| 040 | _coclc | ||
| 082 |
_a297.209 _bWAT/F |
||
| 100 |
_a Watt, William Montgomery _92198 |
||
| 245 | 4 |
_aThe Formative Period Of Islamic Thought / _cWilliam Montgomery Watt |
|
| 260 |
_bOneworld Oxford, _c2006. _aEngland: |
||
| 300 | _a424p | ||
| 650 | _aIslamic History | ||
| 942 |
_cBK _2ddc _h297.209 _iWAT/F _k297.209 _mWAT/F |
||
| 999 |
_c23174 _d23174 |
||